Rizika vyplývajíci z užšího ekonomického a politického propojení.
Pokračovanie článku z minulého čísla. Prehľad rizík, spojených s prípadným hospodárským prepojením ČSFR, MR a PR, z hľadiska politického i z hľadiska vnútorného hospodárstva. Rozdiely medzi prístupmi jednotlivých štátov a možné dôsledky vzájomnej interakcie.
Salvato in:
| Autore principale: | |
|---|---|
| Altri autori: | |
| Natura: | Capitolo di libro |
| Lingua: | ceco |
| Soggetti: | |
| Tags: |
Nessun Tag, puoi essere il primo ad aggiungerne!!
|
MARC
| LEADER | 00000naa a2200000 4500 | ||
|---|---|---|---|
| 001 | r003621 | ||
| 005 | 20220819175802.7 | ||
| 041 | 0 | |a cze | |
| 044 | |a [CS] | ||
| 245 | 1 | 0 | |a Rizika vyplývajíci z užšího ekonomického a politického propojení. |c Z. Brejchová, K. Hruška |
| 520 | |a Pokračovanie článku z minulého čísla. Prehľad rizík, spojených s prípadným hospodárským prepojením ČSFR, MR a PR, z hľadiska politického i z hľadiska vnútorného hospodárstva. Rozdiely medzi prístupmi jednotlivých štátov a možné dôsledky vzájomnej interakcie. | ||
| 610 | 2 | 0 | |a spolupráca hospodárska medzinárodná |
| 610 | 2 | 0 | |a ČSFR |
| 610 | 2 | 0 | |a MR |
| 610 | 2 | 0 | |a PR |
| 610 | 2 | 0 | |a integrácia ekonomická medzinárodná |
| 610 | 2 | 0 | |a riziko |
| 610 | 2 | 0 | |a hospodárstvo národné |
| 610 | 2 | 0 | |a integrácia ekonomická |
| 100 | 1 | |a Brejchová, Z. | |
| 700 | 1 | |a Hruška, K. | |